| 000 | 00000nam 2200000zi 4500 |
| 001 | 9.939897 |
| 003 | CaOODSP |
| 005 | 20240626145341 |
| 006 | m o d f |
| 007 | cr mn||||||||| |
| 008 | 240626s2001 oncab o f000 0 fre d |
| 040 | |aCaOODSP|bfre|erda|cCaOODSP |
| 043 | |an-cn-on |
| 086 | 1 |aEn164-82/2001F-PDF |
| 245 | 00|aNiveaux d'eau region de l'Ontario : |bles Grands Lacs. |
| 264 | 1|aBurlington (Ontario) : |bEnvironnement Canada, Service d'information sur le niveau des Grands Lacs et du fleuve Saint-Laurent, |c[2001] |
| 300 | |a1 ressource en ligne (8 pages) : |billustrations en couleur |
| 336 | |atexte|btxt|2rdacontent/fre |
| 337 | |ainformatique|bc|2rdamedia/fre |
| 338 | |aressource en ligne|bcr|2rdacarrier/fre |
| 500 | |aÉdition numérisée de l’imprimé [par Environnement et changement climatique Canada]. |
| 500 | |aPublié aussi en anglais sous le titre : Water levels Ontario region : the Great Lakes. |
| 650 | 6|aNiveau des eaux|zGrands Lacs (Amérique du Nord) |
| 710 | 1 |aCanada. |bEnvironnement Canada, |eorganisme de publication. |
| 775 | 08|tWater levels Ontario region : |w(CaOODSP)9.925825 |
| 856 | 40|qPDF|s6.98|uhttps://publications.gc.ca/collections/collection_2024/eccc/En164-82-2001-fra.pdf |